Ikony w Fifie 19 - Statystyki

Ogólne statystyki
  • Ten quiz został rozwiązany 444 razy
  • Średni wynik to 33 z 74
Statystyki odpowiedzi
Hint Odpowiedź % Poprawnych
98 Pele
98%
97 Maradona
93%
96 Ronaldo
93%
94 Ronaldinho
81%
93 Gullit
72%
94 Maldini
72%
91 Carlos
71%
94 Yashin
69%
91 Van Der Sar
66%
92 Zanetti
63%
90 Ferdinand
60%
93 Henry
60%
91 Gerrard
58%
94 Cruyff
57%
92 Puyol
57%
91 Vieira
56%
93 Best
54%
88 Nakata
54%
93 Eusebio
53%
92 Schmeichel
52%
90 Lehmann
51%
92 Rivaldo
51%
93 Van Basten
51%
90 Lampard
50%
92 Moore
49%
93 Matthaus
47%
91 Blanc
46%
91 Owen
43%
91 Socrates
43%
92 Del Piero
42%
92 Luis Figo
42%
91 Klose
41%
92 Nesta
41%
91 Shearer
41%
90 Hernandez
40%
92 Cannavaro
39%
90 Inzaghi
39%
92 Butragueno
38%
90 Deco
38%
91 Desailly
38%
90 Petit
38%
91 Ballack
37%
91 Hierro
37%
91 Laudrup
37%
90 Okocha
37%
93 Baresi
36%
90 Crespo
36%
92 Lineker
36%
91 Hagi
35%
92 Raul
35%
90 Vieri
34%
92 Giggs
33%
90 Rui Costa
33%
91 Shevchenko
33%
93 Baggio
32%
89 Gattuso
32%
91 Pires
32%
92 Stoichkov
32%
89 Cambell
31%
90 Larsson
31%
90 Makelele
31%
91 Nedved
31%
91 Trezeguet
31%
92 Van Nistelrooy
31%
90 Veron
31%
91 Scholes
30%
92 Bergkamp
29%
90 Litmanen
29%
90 Overmars
25%
91 Seedorf
25%
90 Keane
24%
90 Rijkaard
24%
91 Kluivert
23%
90 Zola
22%
Nie znaleziono quizów pasujących do podanych kryteriów
Rozkład punktacji
Procent ludzi z każdym wynikiem
Percentyl według liczby udzielonych odpowiedzi
Twoja historia wyników
Nie rozwiązałeś tego quizu